Statistics for Famous Flags That Aren't Country Flags

Click here to take the quiz!

General Stats

  • This quiz has been taken 42 times
  • The average score is 16 of 32

Answer Stats

Answer% Correct
United Nations
95%
European Union
93%
Wales
88%
Scotland
83%
Texas
80%
England
76%
Hong Kong
76%
NATO
76%
Puerto Rico
76%
Isle of Man
73%
Greenland
71%
Palestine
71%
Faroe Islands
56%
Macau
54%
Bavaria
51%
Quebec
51%
African Union
49%
Catalonia
46%
Aruba
41%
Sicily
41%
Western Sahara
41%
Somaliland
37%
French Guiana
32%
Chicago
29%
Amsterdam
24%
Arab League
22%
Wallonia
20%
ASEAN
17%
Commonwealth
17%
Tokyo
17%
Okinawa
7%
Limburg
5%

Score Distribution

Percentile by Number Answered

Percent of People with Each Score

Your Score History

You have not taken this quiz